000 00412nam a2200145 a 4500
001 000036354
005 20200930075703.0
008 120113s1964 fr 000 0 fre d
040 _aDO-SdBNP
_bspa
_cBNPHU
082 _axxxx
_bB198
100 1 _aBalzac, Honoré,
_d1799-1850.
_962537
245 1 0 _aEugénie grandet /
_cHonoré Balzac.
260 _aParis :
_bGarnier-Flammarion,
_c1964.
300 _a179 p. ;
_c18 cm.
999 _c35845
_d35845